00679nam a22001937a 450000500170000001000150001702000260003203500140005803700130007208200130008510000190009824500690011726000410018627000500022730000230027794200270030099900190032795201390034620170517115236.0 aENG-118196 a9789384275235c995.00 aEN-101728 bDBAD/PUB a370.9545 aSharma, Preeti aDevelopment of education in north east india/cby Preeti Sharma aIndiabNE BOOKS AND PUBLISHERSc2017 aNational Highway Silchar- 788005 Assam, India a210 p.c23cm. (Hb) 2ddccENh370.9545mSHA c139999d139999 001040718NFICaDBADbDBADd2017-05-17eDBAD/PUBg995.00l0o370.9545 SHApEN-101728r2017-05-17 00:00:00t1v995.00w2017-05-17yEN